| 000 | 01029nam a22002537a 4500 | ||
|---|---|---|---|
| 005 | 20170124103020.0 | ||
| 010 | _aB-076178 | ||
| 020 | _c120.00 | ||
| 035 | _aB-076178 | ||
| 037 | _bCen Lib/Ret | ||
| 040 |
_aDPL _bHN |
||
| 082 |
_aक _bशंकर |
||
| 100 |
_aशंकर क्षेम _960294 |
||
| 245 |
_aकतरनें ज़िन्दगी की / _cशंकर क्षेम |
||
| 246 |
_aKatranen zindagi ki / _bby Shankar Shem |
||
| 260 |
_c2002 _aदिल्ली _bसाहित्य भारती |
||
| 270 |
_aडी-585/12, गली न.2, अशोक नगर, निकट वज़ीराबाद रोड, शाहदरा _bदिल्ली _e110093 |
||
| 300 |
_a102पृ. _c20सेमी (सजिल्द) |
||
| 650 |
_aहिन्दी -- साहित्य _960295 |
||
| 650 |
_aहिन्दी -- कहानी _9779 |
||
| 650 |
_aHindi -- Literature _960296 |
||
| 650 |
_aHindi -- Story _943117 |
||
| 942 |
_2ddc _cHN _hक _mशंकर |
||
| 999 |
_c115185 _d115185 |
||